| 000 | 03252cam a2200313 4500500 | ||
|---|---|---|---|
| 005 | 20260111150137.0 | ||
| 041 | _afre | ||
| 042 | _adc | ||
| 100 | 1 | 0 |
_aSourdril, Anne _eauthor |
| 700 | 1 | 0 |
_aAugustins, Georges _eauthor |
| 245 | 0 | 0 | _aDu voisinage à la parenté : le « système à maison » aux prises avec le changement social dans le canton d'Aurignac |
| 260 | _c2011. | ||
| 500 | _a96 | ||
| 520 | _aRésuméLes principes de transmission et de succession du « système à maison » dans le sud-ouest de la France induisent une solidarité intergénérationnelle forte entre parents donataires et héritiers des maisons. Dans le cadre du programme kass, nous avons montré que si les formes de solidarités familiales sont importantes, le rôle des voisins doit être également pris en compte pour qui veut saisir les règles d’entraide dans le sud-ouest rural de la France. Le système social dit « à maison », bien que mis à mal par les mutations ayant touché le monde rural au cours des xixe et xxe siècles, a réussi à s’adapter, à maintenir et à réorganiser les formes de la solidarité qui le caractérise. | ||
| 520 | _aFrom Neighbourhood to Kinship : the “House-Centered System” Doing with Social Change in the Aurignac CantonInheritance principles of the house-centered system in rural South-Western France lead to strong intergenerational solidarity between heirs and parents. Through the kass program, we showed that family solidarity is strong but that neighbors play also a great role in mutual aid and cannot be understood without taking into account those neighborly relationships. Mutations of the rural world during the 19th and 20th century and notably agricultural abandonment and arrival of non-farmer European new comers, the house-centered system adapted itself and maintained its characteristic solidarity. | ||
| 520 | _aZusammenfassungVon der Nachbarschaft zur Verwandtschaft – Das „Mehrgenerationensystem“ und der soziale Wandel im Kanton AurignacÜberlieferung und Nachfolge innerhalb eines „Mehrgenerationenhauses“ führen zu einer starken Solidarität zwischen der gebenden Eltern- und nehmenden Kindergeneration. Im Rahmen des Programms kass wird allerdings deutlich, dass nicht nur familiäre Solidaritätsformen wichtig sind, sondern dass auch die Rolle der Nachbarn von Bedeutung ist, wenn es darum geht, die Regeln gegenseitiger Unterstützung im ländlichen Südfrankreich zu ermitteln. Denn das soziale „Generationenmodell“ das in der ländlichen Gesellschaft des 19. und 20. Jahrhunderts entstanden ist, hat sich der heutigen Zeit angepasst und es geschafft neue charakteristische Solidaritätsformen herauszubilden. | ||
| 690 | _afamille souche | ||
| 690 | _asud-ouest de la France | ||
| 690 | _asystème à maison | ||
| 690 | _atransmission préciputaire | ||
| 690 | _avoisinage | ||
| 690 | _ahouse-centered system | ||
| 690 | _ainegalitarian inheritance | ||
| 690 | _aneighbourhood | ||
| 690 | _asouth west of France | ||
| 690 | _astem family | ||
| 786 | 0 | _nEthnologie française | 42 | 1 | 2011-12-20 | p. 79-92 | 0046-2616 | |
| 856 | 4 | 1 | _uhttps://shs.cairn.info/revue-ethnologie-francaise-2012-1-page-79?lang=fr&redirect-ssocas=7080 |
| 999 |
_c1637139 _d1637139 |
||